000 00229 a2200097 4500
001 38292
100 _aStorey Richand
245 _aThe art of persuasive communication
260 _aEngland
_bGower
_c1997
090 _c24336
_d24336
942 _aNUST-CAE
_cM
_c15932
999 _c273365
_d273365